Valores cambiantes, sociedad cambiante: análisis de la sociedad guatemalteca de 1944-1996 a través de las artes plásticas

Guardat en:
Dades bibliogràfiques
Autor principal: Escribá Martínez, Ligia Odette (Autor)
Format: Llibre
Idioma:espanyol
Publicat: Salamanca Universidad Pontificia de Salamanca 2000
Matèries:
Etiquetes: Afegir etiqueta
Sense etiquetes, Sigues el primer a etiquetar aquest registre!

MARC

LEADER 00000nam a2200000 a 4500
001 UCN9388
003 CL-VaPUC
008 011130e20000000SP |||||||||||||||||spa|d
082 0 4 |a 306.47  |b ESC  |2 21 
100 0 |a Escribá Martínez, Ligia Odette  |e author  |9 465987 
245 1 0 |a Valores cambiantes, sociedad cambiante: análisis de la sociedad guatemalteca de 1944-1996 a través de las artes plásticas 
300 |a 209 p 
942 |c BK 
945 |d 20011130 00:00:00  |a crobeson 
260 |a Salamanca  |b Universidad Pontificia de Salamanca  |c 2000 
650 0 |a Sociología del arte  |9 306278 
650 7 |a HISTORIA DEL ARTE - 1944-1996  |2 CL-VaPUC  |9 465988 
651 0 |a Guatemala  |9 258335 
583 |a last modification  |c 20011130 00:00:00  |k Rodrigo Vera 
999 |c 298826  |d 298824 
952 |0 0  |1 0  |4 0  |6 306_470000000000000_ESC_2000  |7 0  |8 A  |9 354767  |a BIBTEO  |b BIBTEO  |d 2019-11-21  |i 3780007  |o 306.47 ESC 2000  |p 3780007  |r 2025-01-17  |w 2019-11-21  |y BK  |k ICR